000 01279nam a2200217Ia 4500
003 Ost
005 20260416102400.0
008 260416s9999||||xx |||||||||||||| ||und||
040 _cfsecg
041 _aara
082 _a658.8
100 _aدادو، مراد
_eمؤلف
245 0 _a التسويق الدولي للخدمات :
_bلطلبة السنة أولى ماستر تخصص: تسويق الخدمات /
_c مراد دادو
260 _aالجزائر
_bجامعة الجزائر3: كلية العلوم الإقتصادية، العلوم التجارية وعلوم التسيير
_c2022
300 _a116 ورقة
_bايضاحات
_c12 سم
504 _aالمراجع ص.111
520 _aماهية التسويق الدولين، بيئة التسويق الدولي، مسارات استهداف الأسواق الأجنبية، نظم الاستخبارات التسويقية الدولية، المزيج التسويقي الدولي، التسويق الدولي للخدمات، التسويق الدولي عبر الانترنت.
653 _aالتسويق
710 _aجامعة الجزائر3: كلية العلوم الإقتصادية، العلوم التجارية وعلوم التسيير
_eناشر علمي
942 _cHANDOUT
999 _c41383
_d41383